Shadow (Record no. 50306)

MARC details
000 -LEADER
fixed length control field 00644nam a2200241 i 4500
001 - CONTROL NUMBER
control field C2-0233904
003 - CONTROL NUMBER IDENTIFIER
control field PPAK
005 - DATE AND TIME OF LATEST TRANSACTION
control field 20180727194546.0
008 - FIXED-LENGTH DATA ELEMENTS--GENERAL INFORMATION
fixed length control field 010617s1996 my a|||| ||||| | eng d
040 ## - CATALOGING SOURCE
Original cataloging agency PPAK
Language of cataloging eng
Transcribing agency PPAK
Description conventions rda
082 04 - DEWEY DECIMAL CLASSIFICATION NUMBER
Classification number 742
Edition number 23
090 00 - LOCALLY ASSIGNED LC-TYPE CALL NUMBER (OCLC); LOCAL CALL NUMBER (RLIN)
Classification number (OCLC) (R) ; Classification number, CALL (RLIN) (NR) 742
Feature heading JIN
Feature heading KSF
Classification number (OCLC) (R) ; Classification number, CALL (RLIN) (NR) 742
Feature heading JIN
Feature heading R
100 1# - MAIN ENTRY--PERSONAL NAME
Personal name Jin Leng, Yeoh,
Relator term author
245 10 - TITLE STATEMENT
Title Shadow
264 #1 - PRODUCTION, PUBLICATION, DISTRIBUTION, MANUFACTURE, AND COPYRIGHT NOTICE
Place of production, publication, distribution, manufacture Kuala Lumpur :
Name of producer, publisher, distributor, manufacturer National Art Gallery ,
Date of production, publication, distribution, manufacture, or copyright notice 1996
300 ## - PHYSICAL DESCRIPTION
Extent [n.p.] :
Other physical details colour illustrations ;
Dimensions 19 cm
336 ## - CONTENT TYPE
Source rdacontent
Content type term text
337 ## - MEDIA TYPE
Source rdamedia
Media type term unmediated
338 ## - CARRIER TYPE
Source rdacarrier
Carrier type term volume
650 10 - SUBJECT ADDED ENTRY--TOPICAL TERM
Topical term or geographic name entry element Shadows (Painting).
942 ## - ADDED ENTRY ELEMENTS (KOHA)
-- dc
Koha item type Book
Holdings
Withdrawn Not for loan Current library Shelving location Date acquired Full call number Barcode Date last seen Koha item type
  Not For Loan Perpustakaan Alor Setar Rujukan Dewasa 01/01/2002 R 742 JIN A00818182 08/05/2018 Book
  Not For Loan Perpustakaan Baling Koleksi Syarifah Fatimah 17/06/2001 KSF 742 JIN A00217432 08/05/2018 Book